Dưỡng sinh cho làn da đẹp

Spremljeno u:
Bibliografski detalji
Glavni autor: Hằng, ngân
Format: Knjiga
Jezik:Vietnamese
Izdano: H. Văn hóa - Thông tin 2006
Teme:
Oznake: Dodaj oznaku
Bez oznaka, Budi prvi tko označuje ovaj zapis!
Thư viện lưu trữ: Mạng thư viện Đại học Đà Nẵng
LEADER 00958nam a2200313 4500
001 000013672
003 10016
005 20120320110339.0
008 120320s2006 viesd
020 |c 20000đ 
041 0 |a vie 
082 |a 613.7  |b HĂ-N 
100 0 |a Hằng, ngân 
245 0 |a Dưỡng sinh cho làn da đẹp  |c Hằng Ngân 
260 |a H.  |b Văn hóa - Thông tin  |c 2006 
300 |a 177 tr.  |c 19 cm 
653 |a Dưỡng sinh 
653 |a Làn da đẹp 
910 |a duyên 
OWN |a LSP 
AVA |a UDN50  |b LSP  |d 613.7 HĂ-N  |e available  |t Error 5001 Not defined in file expand_doc_bib_avail.  |f 2  |g 0  |h N  |i 0  |k 1 
999 |a From the UDN01 
AVA |a UDN50  |b LSP  |d 613.7 HĂ-N  |e available  |t Error 5001 Not defined in file expand_doc_bib_avail.  |f 2  |g 0  |h N  |i 0  |k 1 
TYP |a Monograph 
TYP |a Printed language 
980 |a Mạng thư viện Đại học Đà Nẵng